00371nam a2200133 a 4500008004100000020001500041050001700056100002300073245002500096246006100121260002400182300002200206350000900228120416s0000 xx |||||||||||||| || u a0333259882 aHB 172.5 Cut aCuthbertson, Keith10aMacroeconomic policy athe new Cambridge Keynesian and monetarist controversies abBasingstokec1983 axii, 209p. : ill. a0.00